WWE wrestlers: released or not-Sudden Death - Statistics

General Stats
  • This quiz has been taken 135 times
  • The average score is 6 of 9
Answers on the Grid
Answers color-coded by a green-red scale on the quiz's grid according to % correct below.
Electra Lopes
Montes Ford
Austin Theory
Grayson Waller
Ricochet
Keith "Bearcat" Lee
Adam Peirce
Sonya Deville
Akam
Big E
Rezar
Isla Dawn
Kofi Kingston
Sheamus
Shana Bazler
Beanca Belair
Omos
Bron Breaker
Drew Mcytire
Ashante "Thee" Adonis
 
Answer Stats
Answer % Correct
Austin Theory
86%
Montes Ford
79%
Grayson Waller
75%
Kofi Kingston
61%
Sheamus
61%
Adam Peirce
60%
Big E
54%
Beanca Belair
49%
Bron Breaker
39%
No matching quizzes found
Score Distribution
Percent of People with Each Score
Percentile by Number Answered
Your Score History
You have not taken this quiz